00368nam a2200121 a 450008200150000010000220001524500460003726000660008330000100014950000350015950500170019465000350021100a954.61 YEP aRajkumar, Vincent aSocial Reality of the North East Migrants aBangalore bChristian Instt. for the Study of Religion c2014 a145p  aincludes index and biblioraphy2 aBibliography aNortheast-India Social Problem